Music Quiz

Random Music or Rock Quiz

Rock or Roll Quiz Stats

 Plays Quiz Updated Sep 25, 2018

Score 0/24 Timer 05:00
6 Plays Today
Question Answer Wrong Answers
'____ of Ages'
Def Leppard
Rock
90.7%
Roll
1.1%
'____ and a Hard Place'
The Rolling Stones
Rock
90%
Roll
1.8%
'____ Around the Clock'
Bill Haley & His Comets
Rock
89.9%
Roll
2%
'I Am a ____'
Simon and Garfunkel
Rock
89.7%
Roll
2.2%
'Tears ____ Down'
Tears for Fears
Roll
89.6%
Rock
1.8%
'____ the Boat'
The Hues Corporation
Rock
89.1%
Roll
2.8%
'Like a ____'
Bob Seger
Rock
89.1%
Roll
2.8%
'____ Your Baby'
George McCrae
Rock
88.7%
Roll
3.2%
'____ Your Body'
Justin Timberlake
Rock
88.6%
Roll
3.3%
'Loves Me Like a ____'
Paul Simon
Rock
88.3%
Roll
3.5%
'Some Heads Are Gonna ____'
Judas Priest
Roll
87.8%
Rock
4.1%
'____ Me Amadeus'
Falco
Rock
87.1%
Roll
4.7%
'____ Me Gently'
Andy Kim
Rock
86.9%
Roll
4.8%
'Shake, Rattle and ____'
Bill Haley & His Comets
Roll
86.1%
Rock
5.8%
'____ Lobster'
The B-52's
Rock
85.9%
Roll
6%
'____ Over Beethoven'
Chuck Berry
Roll
85.7%
Rock
6.3%
'Good Times ____'
Cars
Roll
84.1%
Rock
7.8%
'Tootsee ____'
69 Boyz
Roll
84.1%
Rock
7.8%
'____ with It'
Steve Winwood
Roll
82.4%
Rock
9.5%
'That's How Country Boys ____'
Billy Currington
Roll
79.3%
Rock
12.2%
'____ with You'
Michael Jackson
Rock
79%
Roll
12.8%
'____ On Down the Highway'
Bachman–Turner Overdrive
Roll
78.9%
Rock
12.9%
'____ Me Away'
Bob Seger
Roll
62.7%
Rock
29.3%
'Let Me ____ It'
Wings
Roll
35.8%
Rock
56.3%

You're not logged in!

Compare scores with friends on all Sporcle quizzes.
OR
Log In

Sporcle TV

Today on Sporcle TV


Watch our educational content, quiz creation guides, and fun videos on Sporcle TV.

Show Comments

Extras

Top Quizzes Today


Score Distribution

Your Account Isn't Verified!

In order to create a playlist on Sporcle, you need to verify the email address you used during registration. Go to your Sporcle Settings to finish the process.

Report this User

Report this user for behavior that violates our Community Guidelines.

Details: